000 00202 a2200097 4500
001 20350
100 _aSeely S
245 _aElectronic circuits
260 _a
_bHolt Rinehart
_c
090 _c14841
_d14841
942 _aNUST-CAE
_cM
_c5382
999 _c255423
_d255423